Recipes for a Fuller Life: (Record no. 196817)

MARC details
000 -LEADER
fixed length control field 00601nam a22001937a 4500
005 - DATE AND TIME OF LATEST TRANSACTION
control field 20231211162812.0
010 ## - LCCN (DPL NO)
LC control number ENG-137644
020 ## - INTERNATIONAL STANDARD BOOK NUMBER
International Standard Book Number 9789385373404
Terms of availability 80.00
035 ## - SYSTEM CONTROL NUMBER
System control number EN-121176
037 ## - SOURCE OF ACQUISITION
Source of stock number/acquisition DBAD/PUB
082 ## - DEWEY DECIMAL CLASSIFICATION NUMBER
Classification number 158.1
100 ## - MAIN ENTRY--PERSONAL NAME
Personal name SJL, Lilly Thockanattu
245 ## - TITLE STATEMENT
Title Recipes for a Fuller Life:
Remainder of title Value Education for Youth/
Statement of responsibility, etc By Lilly Thockanattu, SJL
250 ## - EDITION STATEMENT
Edition statement
260 ## - PUBLICATION, DISTRIBUTION, ETC. (IMPRINT)
Place of publication, distribution, etc Tamil Nadu
Name of publisher, distributor, etc Vaigarai Publishing House
Date of publication, distribution, etc 2017
270 ## - ADDRESS
Address 6, Main Road Dindigul
City Tamil Nadu, India
Postal code 624001
300 ## - PHYSICAL DESCRIPTION
Extent 152p.
Dimensions 21cm(pbk)
942 ## - ADDED ENTRY ELEMENTS (KOHA)
Source of classification or shelving scheme Dewey Decimal Classification
Item type English Books
Classification part 158.1
Call number prefix SJL
Holdings
Withdrawn status Lost status Not for loan Collection code Home library Current library Date acquired Source of acquisition Cost, normal purchase price Full call number Barcode Copy number Cost, replacement price Koha item type
      Non-fiction Vinoba Puri Vinoba Puri 31/07/2023 DBAD/PUB 80.00 158.1 THO EN-121176 1 80.00 English Books

© Delhi Public Library
Hit Counter
free hit counter